000 00333nam a2200145Ia 4500
008 230718s9999 xx 000 0 und d
041 _aEng.
082 _a34607
_bMCC-P
100 _aMcCormack, Gerard
245 0 _aPropertay dains
260 _aPakistan
_bSweet & Morwell
_c1387
300 _a253
650 _aLaw
999 _c26883
_d26883